书目信息 |
| 题名: |
汽车维修机具设备使用与维护
|
|
| 作者: | 吴定才 , 吴珂民 编著 | |
| 分册: | ||
| 出版信息: | 北京 国防工业出版社 2010.01 |
|
| 页数: | 277页 | |
| 开本: | 26cm | |
| 丛书名: | ||
| 单 册: | ||
| 中图分类: | U472.46 | |
| 科图分类: | ||
| 主题词: | 汽车--qi che--车辆维修设备 | |
| 电子资源: | ||
| ISBN: | 978-7-118-06471-1 | |
| 000 | 00898nam0 2200241 450 | |
| 001 | 012010786844 | |
| 005 | 20100407112314.50 | |
| 010 | @a978-7-118-06471-1@dCNY35.00 | |
| 100 | @a20100407d2010 km y0chiy0120 ea | |
| 101 | 0 | @achi |
| 102 | @aCN@b110000 | |
| 105 | @aak z 000yy | |
| 106 | @ar | |
| 200 | 1 | @a汽车维修机具设备使用与维护@Aqi che wei xiu ji ju she bei shi yong yu wei hu@f吴定才, 吴珂民编著@Fwu ding cai,wu ke min bian zhu |
| 210 | @a北京@c国防工业出版社@d2010.01 | |
| 215 | @a277页@c图@d26cm | |
| 330 | @a本书共分7章,主要包括通用机具设备、清洁机具设备、拆装与举升机具设备、专业机具设备、加注机具设备及检验仪器七大类,并对它们的使用、保养和维修进行了重要介绍。 | |
| 606 | 0 | @a汽车@Aqi che@x车辆维修设备 |
| 690 | @aU472.46@v4 | |
| 701 | 0 | @a吴定才@Awu ding cai@4编著 |
| 701 | 0 | @a吴珂民@Awu ke min@4编著 |
| 801 | 0 | @aCN@bQSSK@c20100407 |
| 905 | @b775215-17@dU472.46@eW760@f3 | |
| 汽车维修机具设备使用与维护/吴定才, 吴珂民编著.-北京:国防工业出版社,2010.01 |
| 277页:图;26cm |
| ISBN 978-7-118-06471-1:CNY35.00 |
| 本书共分7章,主要包括通用机具设备、清洁机具设备、拆装与举升机具设备、专业机具设备、加注机具设备及检验仪器七大类,并对它们的使用、保养和维修进行了重要介绍。 |
| ● |
| 相关链接 |
|
|
|
正题名:汽车维修机具设备使用与维护
索取号:U472.46/W760
 
预约/预借
| 序号 | 登录号 | 条形码 | 馆藏地/架位号 | 状态 | 备注 |
| 1 | 775215 | 207752154 | 自科库501/501自科库 87排1列1层/ [索取号:U472.46/W760] | 在馆 | |
| 2 | 775216 | 207752163 | 自科库501/501自科库 87排1列1层/ [索取号:U472.46/W760] | 在馆 | |
| 3 | 775217 | 207752172 | 自科库501/501自科库 87排1列1层/ [索取号:U472.46/W760] | 在馆 |